Northeast India (Record no. 92958)

MARC details
000 -LEADER
fixed length control field 01666namaa2200445uu 4500
001 - CONTROL NUMBER
control field doab34302
003 - CONTROL NUMBER IDENTIFIER
control field oapen
005 - DATE AND TIME OF LATEST TRANSACTION
control field 20260305123949.0
006 - FIXED-LENGTH DATA ELEMENTS--ADDITIONAL MATERIAL CHARACTERISTICS
fixed length control field m o d
007 - PHYSICAL DESCRIPTION FIXED FIELD--GENERAL INFORMATION
fixed length control field cr|mn|---annan
008 - FIXED-LENGTH DATA ELEMENTS--GENERAL INFORMATION
fixed length control field 210210s2018 xx |||||o ||| 0|eng d
020 ## - INTERNATIONAL STANDARD BOOK NUMBER
International Standard Book Number 9780429489877
020 ## - INTERNATIONAL STANDARD BOOK NUMBER
International Standard Book Number 9781138716575
024 7# - OTHER STANDARD IDENTIFIER
Standard number or code 10.4324/9780429489877
Source of number or code doi
040 ## - CATALOGING SOURCE
Original cataloging agency oapen
Transcribing agency oapen
041 0# - LANGUAGE CODE
Language code of text/sound track or separate title eng
042 ## - AUTHENTICATION CODE
Authentication code dc
072 #7 - SUBJECT CATEGORY CODE
Subject category code JP
Source bicssc
072 #7 - SUBJECT CATEGORY CODE
Subject category code NH
Source bicssc
245 00 - TITLE STATEMENT
Title Northeast India
Remainder of title A Reader
260 ## - PUBLICATION, DISTRIBUTION, ETC.
Name of publisher, distributor, etc. Taylor & Francis
Date of publication, distribution, etc. 2018
300 ## - PHYSICAL DESCRIPTION
Extent 1 online resource (490 p.)
336 ## - CONTENT TYPE
Content type term text
Content type code txt
Source rdacontent
337 ## - MEDIA TYPE
Media type term computer
Media type code c
Source rdamedia
338 ## - CARRIER TYPE
Carrier type term online resource
Carrier type code cr
Source rdacarrier
506 0# - RESTRICTIONS ON ACCESS NOTE
Terms governing access Free-to-read
Standardized terminology for access restriction Unrestricted online access
Source of term star
520 ## - SUMMARY, ETC.
Summary, etc. Northeast India is a multifaceted and dynamic region that is constantly in focus because of its fragile political landscape characterized by endemic violence and conflicts. One of the first of its kind, this reader on Northeast India examines myriad aspects of the region - its people and its linguistic and cultural diversity.
540 ## - TERMS GOVERNING USE AND REPRODUCTION NOTE
Terms governing use and reproduction All rights reserved
Uniform Resource Identifier <a href="http://oapen.org/content/about-rights">http://oapen.org/content/about-rights</a>
546 ## - LANGUAGE NOTE
Language note English
650 #7 - SUBJECT ADDED ENTRY--TOPICAL TERM
Topical term or geographic name entry element History
Source of heading or term bicssc
650 #7 - SUBJECT ADDED ENTRY--TOPICAL TERM
Topical term or geographic name entry element Politics and government
Source of heading or term bicssc
653 ## - INDEX TERM--UNCONTROLLED
Uncontrolled term Asian Studies
653 ## - INDEX TERM--UNCONTROLLED
Uncontrolled term Northeast India
720 1# - ADDED ENTRY--UNCONTROLLED NAME
Name Oinam, Bhagat
Relationship edt
720 1# - ADDED ENTRY--UNCONTROLLED NAME
Name Oinam, Bhagat
Relationship oth
720 1# - ADDED ENTRY--UNCONTROLLED NAME
Name Sadokpam, Dhiren A.
Relationship edt
720 1# - ADDED ENTRY--UNCONTROLLED NAME
Name Sadokpam, Dhiren A.
Relationship oth
793 0# -
-- DOAB Library.
856 40 - ELECTRONIC LOCATION AND ACCESS
Uniform Resource Identifier <a href="https://directory.doabooks.org/handle/20.500.12854/34302">https://directory.doabooks.org/handle/20.500.12854/34302</a>
Access status 0
Public note Free-to-read: DOAB: description of the publication

No items available.

Powered by Koha